000 00330nam a22001457a 4500
020 _a81-7826-161-8
082 _a823
_bROH/C
245 _aCINDRELLA
_bSTORY BOOK
246 _aCINDRELLA
_bSTORY BOOK
250 _a2003
260 _aDELHI
_bROHAN BOOK COMPANY
_c2003
300 _a190
520 _aCHILDRENS SHORT STORY
942 _cBK
999 _c345
_d345